000 00582nam a2200229Ia 4500
003 OSt
005 20221005132427.0
006 a|||||r|||| 00| 0
007 ta
008 221004b |||||||| |||| 00| 0 kan d
024 _a61271
037 _cTextual
040 _aCRL
_cCRL
_bkan
041 _2kan
_akan
082 _aO33,3NSI1,4, J8
100 _aShastri Sitarama Au.
_9635937
245 0 _aTipu paigambeer
260 _c1958
650 _aKANNAD FICTION
942 _hO33,3NSI1,4, J8
_cTEXL
_2cc
999 _c1063630
_d1063630